[Event "Rostov on Don rapid GP Stage 28th"]
[Site "Rostov on Don"]
[Date "2021.10.29"]
[Round "3"]
[White "Borisova, Ekaterina"]
[Black "Utnasunov, Alexander"]
[Result "1/2-1/2"]
[WhiteElo "2250"]
[BlackElo "2421"]
[PlyCount "72"]
[EventDate "2021.10.29"]
[EventType "swiss"]
[EventRounds "11"]
[EventCountry "RUS"]
[SourceTitle "CBM 204 Extra"]
[Source "ChessBase"]
[SourceDate "2021.11.30"]
[SourceVersion "1"]
[SourceVersionDate "2021.11.30"]
[SourceQuality "1"]

1. Nf3 d5 2. g3 Nf6 3. Bg2 c6 4. 0-0 Bf5 5. d3 e6 6. Nh4 Bg6 7. c4 Nbd7 8. cxd5 cxd5 9. Nxg6 hxg6 10. e4 dxe4 11. dxe4 Bc5 12. Qe2 Ne5 13. Qb5+ Nfd7 14. Bf4 Qb6 15. Nc3 Qxb5 16. Nxb5 Ke7 17. Rfd1 Rac8 18. h3 f6 19. a3 g5 20. Bc1 a6 21. Nc3 g4 22. h4 Nf3+ 23. Kf1 Nde5 24. Bf4 g5 25. hxg5 fxg5 26. Bxe5 Nxe5 27. Rac1 Rhf8 28. Rc2 Nc4 29. Ke1 b5 30. Bf1 Bxf2+ 31. Rxf2 Rxf2 32. Kxf2 Nxb2 33. Rc1 Rxc3 34. Rb1 Nc4 35. a4 Nd2 36. Rb4 Rf3+ 1/2-1/2

[Event "RUS-chT Blitz"]
[Site "Sochi"]
[Date "2021.10.14"]
[Round "8.5"]
[White "Babanin, Gleb"]
[Black "Utnasunov, Alexander"]
[Result "1/2-1/2"]
[WhiteElo "2094"]
[BlackElo "2421"]
[PlyCount "83"]
[EventDate "2021.10.14"]
[EventType "team-swiss (blitz)"]
[EventRounds "13"]
[EventCountry "RUS"]
[SourceTitle "CBM 204 Extra"]
[Source "ChessBase"]
[SourceDate "2021.11.30"]
[SourceVersion "1"]
[SourceVersionDate "2021.11.30"]
[SourceQuality "1"]
[WhiteTeam "St Petersburg SShOR II"]
[BlackTeam "Kalmykiya Uralan"]
[WhiteTeamCountry "RUS"]
[BlackTeamCountry "RUS"]

1. e4 c5 2. Nf3 d6 3. Bb5+ Bd7 4. Bxd7+ Nxd7 5. 0-0 Ngf6 6. Re1 e6 7. c3 Be7 8. d4 cxd4 9. cxd4 d5 10. e5 Ne4 11. Nbd2 Nxd2 12. Bxd2 0-0 13. Rc1 Qb6 14. Rc3 Rfc8 15. Rb3 Qa6 16. a3 Nb6 17. Bg5 Bf8 18. h4 h6 19. Bf4 Qa4 20. Nh2 Rc4 21. Be3 Rac8 22. Re2 R4c7 23. h5 Nc4 24. Bf4 Na5 25. Rd3 Qxd1+ 26. Rxd1 Nb3 27. g4 Rc2 28. Rxc2 Rxc2 29. g5 hxg5 30. Bxg5 Rxb2 31. Ng4 Kh7 32. Rd3 b5 33. Kg2 a5 34. Rf3 Kg8 35. h6 Nxd4 36. Rxf7 gxh6 37. Rd7 Bg7 38. Bf6 Nf5 39. Bxg7 Nxg7 40. Nf6+ Kf8 41. Nh7+ Kg8 42. Nf6+ 1/2-1/2

[Event "RUS-chT rapid"]
[Site "Sochi"]
[Date "2019.10.19"]
[Round "7.4"]
[White "Utnasunov, Alexander"]
[Black "Kolchin, Maxim"]
[Result "1-0"]
[WhiteElo "2442"]
[BlackElo "2077"]
[PlyCount "98"]
[EventDate "2019.10.18"]
[EventType "team-swiss (rapid)"]
[EventRounds "9"]
[EventCountry "RUS"]
[SourceTitle "CBM 192 Extra"]
[Source "Chessbase"]
[SourceDate "2019.11.06"]
[SourceVersion "1"]
[SourceVersionDate "2019.11.06"]
[SourceQuality "1"]
[WhiteTeam "Regulars (Krasnodar)"]
[BlackTeam "Nizhny Novgorod FSHNO"]
[WhiteTeamCountry "RUS"]
[BlackTeamCountry "RUS"]

1. d4 Nf6 2. c4 c5 3. d5 b5 4. Nf3 g6 5. cxb5 a6 6. b6 d6 7. Nc3 Bg7 8. a4 Qxb6 9. a5 Qc7 10. Nd2 Bb7 11. e4 Nbd7 12. Nc4 0-0 13. Be2 Ne8 14. Bf4 f5 15. Qd2 fxe4 16. Nxe4 Ndf6 17. Nc3 Ra7 18. 0-0 Qd7 19. Ne3 h6 20. Bg3 Nc7 21. Qc2 Kh7 22. h4 Nfxd5 23. h5 Qe6 24. hxg6+ Kh8 25. Nexd5 Nxd5 26. Bc4 Nb4 27. Bxe6 Nxc2 28. Rad1 Nd4 29. Bf7 Nf5 30. Bf4 Bd4 31. Rfe1 e5 32. Bc1 Kg7 33. Ne4 d5 34. Rxd4 cxd4 35. Nc5 Bc8 36. Rxe5 Rc7 37. b4 Nd6 38. Bxd5 Kxg6 39. Bf3 Nc4 40. Rd5 Bb7 41. Bh5+ Kh7 42. Rxd4 Nxa5 43. Bf4 Rg7 44. bxa5 Rxg2+ 45. Kf1 Ba8 46. Rd7+ Kg8 47. Be3 Rh2 48. Bg4 Rh1+ 49. Ke2 Re8 1-0

[Event "RUS-chT rapid"]
[Site "Sochi"]
[Date "2019.10.18"]
[Round "3.4"]
[White "Pingin, Artem"]
[Black "Utnasunov, Alexander"]
[Result "0-1"]
[WhiteElo "2048"]
[BlackElo "2442"]
[PlyCount "100"]
[EventDate "2019.10.18"]
[EventType "team-swiss (rapid)"]
[EventRounds "9"]
[EventCountry "RUS"]
[SourceTitle "CBM 192 Extra"]
[Source "Chessbase"]
[SourceDate "2019.11.06"]
[SourceVersion "1"]
[SourceVersionDate "2019.11.06"]
[SourceQuality "1"]
[WhiteTeam "Karpov Center"]
[BlackTeam "Regulars (Krasnodar)"]
[WhiteTeamCountry "RUS"]
[BlackTeamCountry "RUS"]

1. e4 c5 2. Nf3 d6 3. d4 cxd4 4. Nxd4 Nf6 5. Nc3 g6 6. Be3 a6 7. f3 b5 8. Qd2 Bb7 9. 0-0-0 Nbd7 10. a3 Rc8 11. Kb1 Bg7 12. g4 Ne5 13. h4 Nxf3 14. Nxf3 Nxe4 15. Nxe4 Bxe4 16. Bg2 Rxc2 17. Qxc2 Bxc2+ 18. Kxc2 Qc8+ 19. Kd2 Qxg4 20. Rhg1 0-0 21. Ke2 Bxb2 22. Kf2 Rc8 23. Bf1 Rc2+ 24. Rd2 Rxd2+ 25. Bxd2 Bd4+ 26. Nxd4 Qxd4+ 27. Be3 Qxh4+ 28. Kf3 Qf6+ 29. Kg3 Qe5+ 30. Kf2 Qb2+ 31. Be2 f5 32. Rc1 Kf7 33. Rc6 Qxa3 34. Bf3 Qa2+ 35. Kg3 e5 36. Bg5 e4 37. Bd1 Qb1 38. Rc1 Qd3+ 39. Kg2 Ke6 40. Kf2 Qh3 41. Bf4 Qh4+ 42. Bg3 Qh6 43. Rc6 Qd2+ 44. Be2 f4 45. Bh2 e3+ 46. Kf1 f3 47. Rxd6+ Qxd6 48. Bxd6 fxe2+ 49. Kxe2 Kxd6 50. Kxe3 Ke5 0-1

[Event "RUS-chT rapid"]
[Site "Sochi"]
[Date "2019.10.18"]
[Round "4.4"]
[White "Utnasunov, Alexander"]
[Black "Samusenko, Maksim"]
[Result "1-0"]
[WhiteElo "2442"]
[BlackElo "2445"]
[PlyCount "73"]
[EventDate "2019.10.18"]
[EventType "team-swiss (rapid)"]
[EventRounds "9"]
[EventCountry "RUS"]
[SourceTitle "CBM 192 Extra"]
[Source "Chessbase"]
[SourceDate "2019.11.06"]
[SourceVersion "1"]
[SourceVersionDate "2019.11.06"]
[SourceQuality "1"]
[WhiteTeam "Regulars (Krasnodar)"]
[BlackTeam "Rook (Kazan)"]
[WhiteTeamCountry "RUS"]
[BlackTeamCountry "RUS"]

1. d4 Nf6 2. c4 g6 3. f3 Bg7 4. e4 d6 5. Nc3 0-0 6. Be3 Nc6 7. Nge2 a6 8. Qd2 Na5 9. Nc1 Nd7 10. b4 Nc6 11. a3 e5 12. Nb3 a5 13. b5 exd4 14. Nxd4 Nxd4 15. Bxd4 Bxd4 16. Qxd4 Nc5 17. Nd5 f5 18. Rd1 fxe4 19. Be2 c6 20. bxc6 bxc6 21. Ne3 Ne6 22. Qxe4 Qg5 23. Rxd6 Nf4 24. Kf2 Bh3 25. c5 Rae8 26. Bc4+ Kg7 27. Qd4+ Kh6 28. g3 Nh5 29. Re1 Rb8 30. Rxc6 Rbd8 31. Rd6 Rc8 32. c6 Rc7 33. Be6 Bxe6 34. Rxe6 Nf6 35. Rxf6 Rxf6 36. Ng4+ Kg7 37. Re6 1-0

[Event "RUS-ch blitz"]
[Site "Sochi"]
[Date "2019.10.17"]
[Round "6"]
[White "Utnasunov, Alexander"]
[Black "Alexeev, Alexey"]
[Result "1-0"]
[WhiteElo "2442"]
[BlackElo "2252"]
[PlyCount "36"]
[EventDate "2019.10.17"]
[EventType "swiss (blitz)"]
[EventRounds "15"]
[EventCountry "RUS"]
[SourceTitle "CBM 192 Extra"]
[Source "Chessbase"]
[SourceDate "2019.11.06"]
[SourceVersion "1"]
[SourceVersionDate "2019.11.06"]
[SourceQuality "1"]

1. d4 d5 2. c4 e6 3. Nc3 c6 4. e4 dxe4 5. Nxe4 Bb4+ 6. Bd2 Qxd4 7. Bxb4 Qxe4+ 8. Ne2 Na6 9. Ba5 b6 10. Bc3 f6 11. Qd6 Bd7 12. 0-0-0 Rd8 13. Ng3 Qg6 14. Be2 h5 15. Bf3 Ne7 16. Rhe1 Qg5+ 17. Kb1 Qc5 18. Ne4 0-0 1-0

[Event "RUS-ch blitz"]
[Site "Sochi"]
[Date "2019.10.17"]
[Round "13"]
[White "Utnasunov, Alexander"]
[Black "Kokarev, Dmitry"]
[Result "0-1"]
[WhiteElo "2442"]
[BlackElo "2593"]
[PlyCount "180"]
[EventDate "2019.10.17"]
[EventType "swiss (blitz)"]
[EventRounds "15"]
[EventCountry "RUS"]
[SourceTitle "CBM 192 Extra"]
[Source "Chessbase"]
[SourceDate "2019.11.06"]
[SourceVersion "1"]
[SourceVersionDate "2019.11.06"]
[SourceQuality "1"]

1. d4 Nf6 2. c4 g6 3. Nc3 Bg7 4. e4 d6 5. f3 0-0 6. Be3 c5 7. d5 e6 8. Nge2 exd5 9. cxd5 b6 10. Ng3 Ba6 11. Bxa6 Nxa6 12. 0-0 Nc7 13. a4 a6 14. Rb1 Nd7 15. Qd2 Ne5 16. b3 b5 17. Bh6 Bxh6 18. Qxh6 Qf6 19. Qd2 c4 20. f4 Nd3 21. e5 dxe5 22. Nce4 Qb6+ 23. Kh1 exf4 24. bxc4 Qd4 25. Rxf4 f5 26. Nf6+ Qxf6 27. Qxd3 bxc4 28. Qxc4 Ne8 29. d6+ Qf7 30. d7 Nf6 31. Rd1 Rfd8 32. Qc6 Ra7 33. Rfd4 Raxd7 34. Rxd7 Rxd7 35. Re1 Re7 36. Rd1 Ng4 37. Rf1 Qe6 38. Qa8+ Kg7 39. h3 Ne3 40. Re1 Qd5 41. Qxd5 Nxd5 42. Rd1 Re5 43. Kg1 a5 44. Kf2 Kf6 45. Rc1 Nb4 46. Rc7 h5 47. Ne2 Nd3+ 48. Kf3 Ne1+ 49. Kf2 Nxg2 50. Nd4 Ne3 51. Rc6+ Kg7 52. Ne6+ Kf7 53. Ng5+ Kg7 54. Ne6+ Kf7 55. Ng5+ Ke7 56. Rxg6 Nd5 57. Nf3 Re4 58. Rh6 Nf4 59. Rh7+ Kd6 60. Kg3 Rxa4 61. Ra7 Ne2+ 62. Kf2 Nc3 63. Ke3 Nd5+ 64. Kd3 Ra3+ 65. Ke2 Nf4+ 66. Kf2 Nxh3+ 67. Ke2 Nf4+ 68. Kf2 a4 69. Nd4 Ke5 70. Nc6+ Ke4 71. Re7+ Kd5 72. Nb4+ Kc5 73. Na6+ Kd4 74. Rd7+ Ke5 75. Re7+ Kf6 76. Ra7 Nd3+ 77. Kg2 Ra1 78. Rd7 Ne5 79. Rd6+ Kg5 80. Nc5 a3 81. Ne6+ Kh4 82. Rd4+ Ng4 83. Nf4 a2 84. Ra4 Kg5 85. Ne6+ Kf6 86. Nd4 Ne3+ 87. Kh2 Rd1 88. Ra6+ Kf7 89. Nb3 Rb1 90. Nd4 a1Q 0-1

[Event "RUS-chT2"]
[Site "Sochi"]
[Date "2019.05.09"]
[Round "8.4"]
[White "Utnasunov, Alexander"]
[Black "Kamaev, Dzhabrail"]
[Result "1/2-1/2"]
[WhiteElo "2437"]
[BlackElo "1982"]
[PlyCount "82"]
[EventDate "2019.05.01"]
[EventType "team-swiss"]
[EventRounds "9"]
[EventCountry "RUS"]
[SourceTitle "CBM 190 Extra"]
[Source "ChessBase"]
[SourceDate "2019.07.15"]
[SourceVersion "1"]
[SourceVersionDate "2019.07.15"]
[SourceQuality "1"]
[WhiteTeam "Sochi Krasnodar Territory"]
[BlackTeam "Dagestan"]
[WhiteTeamCountry "RUS"]
[BlackTeamCountry "RUS"]

1. d4 g6 2. c4 Bg7 3. e4 d6 4. Nc3 Nd7 5. Be3 e5 6. d5 Ne7 7. Bd3 0-0 8. Qd2 f5 9. f3 Nf6 10. Nge2 fxe4 11. Nxe4 Nf5 12. Bg5 Qe8 13. 0-0 Bd7 14. g4 Nxe4 15. Bxe4 Ne7 16. Kg2 Bf6 17. h4 Qf7 18. Rh1 Bxg5 19. hxg5 c6 20. Rh4 cxd5 21. cxd5 Rac8 22. Rah1 Rc4 23. Rxh7 Qxh7 24. Rxh7 Kxh7 25. Bd3 Rc5 26. Nc3 Kg7 27. Ne4 Rxd5 28. Nf6 Rxf6 29. gxf6+ Kxf6 30. g5+ Kg7 31. Qc3 Bc6 32. Be4 Rc5 33. Qb3 Nd5 34. Bxd5 Rxd5 35. Kg3 Rd4 36. Qe6 Rf4 37. Qxd6 Rxf3+ 38. Kh2 Rf2+ 39. Kh3 Rf3+ 40. Kh2 Rf2+ 41. Kh3 Rf3+ 1/2-1/2

[Event "RUS-chT2"]
[Site "Sochi"]
[Date "2019.05.02"]
[Round "2.4"]
[White "Utnasunov, Alexander"]
[Black "Yeritsyan, Aram"]
[Result "1-0"]
[WhiteElo "2437"]
[BlackElo "2299"]
[PlyCount "85"]
[EventDate "2019.05.01"]
[EventType "team-swiss"]
[EventRounds "9"]
[EventCountry "RUS"]
[SourceTitle "CBM 190 Extra"]
[Source "ChessBase"]
[SourceDate "2019.07.15"]
[SourceVersion "1"]
[SourceVersionDate "2019.07.15"]
[SourceQuality "1"]
[WhiteTeam "Sochi Krasnodar Territory"]
[BlackTeam "Moscow Botvinnik School"]
[WhiteTeamCountry "RUS"]
[BlackTeamCountry "RUS"]

1. d4 Nf6 2. c4 e6 3. Nc3 Bb4 4. f3 d5 5. a3 Bxc3+ 6. bxc3 c5 7. cxd5 Nxd5 8. dxc5 Qa5 9. e4 Nf6 10. Be3 0-0 11. Qb3 Qc7 12. a4 Nfd7 13. Qa3 b6 14. a5 bxc5 15. a6 c4 16. Qa5 Qxa5 17. Rxa5 Nc6 18. Ra1 Nde5 19. f4 Ng4 20. Bc5 Rd8 21. Bxc4 Rb8 22. Nf3 Nf6 23. Nd4 Nxd4 24. cxd4 Nxe4 25. Bxa7 Ra8 26. Bc5 Rd7 27. Ke2 h5 28. Ke3 Nxc5 29. dxc5 Kf8 30. Rhb1 Rc7 31. Ra5 Ke7 32. Rb6 Rca7 33. Bb5 Kd8 34. Kd4 Kc7 35. Kc4 h4 36. Ra3 h3 37. g4 g5 38. fxg5 e5 39. Kd5 Bxg4 40. Kxe5 Rg8 41. Kf4 Bc8 42. Re3 Be6 43. Bc4 1-0

[Event "RUS-chT2"]
[Site "Sochi"]
[Date "2018.05.02"]
[Round "2.3"]
[White "Utnasunov, Alexander"]
[Black "Goryachkina, Aleksandra"]
[Result "0-1"]
[WhiteElo "2446"]
[BlackElo "2496"]
[PlyCount "120"]
[EventDate "2018.05.01"]
[EventType "team-swiss"]
[EventRounds "9"]
[EventCountry "RUS"]
[SourceTitle "CBM 184 Extra"]
[Source "ChessBase"]
[SourceDate "2018.06.28"]
[SourceVersion "1"]
[SourceVersionDate "2018.06.28"]
[SourceQuality "1"]
[WhiteTeam "Stavropol Region"]
[BlackTeam "Yamal Region"]
[WhiteTeamCountry "RUS"]
[BlackTeamCountry "RUS"]

1. d4 e6 2. c4 Nf6 3. Nc3 Bb4 4. f3 d5 5. a3 Bxc3+ 6. bxc3 c5 7. cxd5 exd5 8. e3 0-0 9. Bd3 b6 10. Ne2 Ba6 11. Bxa6 Nxa6 12. 0-0 Re8 13. Ng3 Nc7 14. Qd3 Ne6 15. Rd1 h5 16. e4 h4 17. Nf5 cxd4 18. cxd4 Nh5 19. e5 Nef4 20. Bxf4 Nxf4 21. Qd2 Qg5 22. Ne3 f6 23. Ng4 Rac8 24. g3 hxg3 25. hxg3 Nh3+ 26. Kg2 Qg6 27. Rac1 Ng5 28. exf6 Nxf3 29. Qf4 Rxc1 30. Rxc1 Ne1+ 31. Kf1 Nd3 32. f7+ Qxf7 33. Qxf7+ Kxf7 34. Rc3 Re4 35. Nh2 Re1+ 36. Kg2 Re3 37. Rc7+ Re7 38. Rc6 Nb2 39. Nf3 Nc4 40. a4 Ke8 41. Rc8+ Kd7 42. Ra8 Kc6 43. g4 b5 44. axb5+ Kxb5 45. Rb8+ Nb6 46. Ne5 a5 47. Rf8 a4 48. Rf1 Rc7 49. Rb1+ Ka5 50. Kf2 a3 51. Ke2 Na4 52. Kd2 Nc3 53. Ra1 Ka4 54. Nd3 Ne4+ 55. Ke2 Rc2+ 56. Ke3 a2 57. Nf4 Nc3 58. Nd3 Ka3 59. Nc5 Nb1 60. Nd3 Rc3 0-1

[Event "RUS-chT2"]
[Site "Sochi"]
[Date "2018.05.01"]
[Round "1.8"]
[White "Alexeev, Alexey"]
[Black "Utnasunov, Alexander"]
[Result "1/2-1/2"]
[WhiteElo "2287"]
[BlackElo "2446"]
[PlyCount "82"]
[EventDate "2018.05.01"]
[EventType "team-swiss"]
[EventRounds "9"]
[EventCountry "RUS"]
[SourceTitle "CBM 184 Extra"]
[Source "ChessBase"]
[SourceDate "2018.06.28"]
[SourceVersion "1"]
[SourceVersionDate "2018.06.28"]
[SourceQuality "1"]
[WhiteTeam "Cimmeria"]
[BlackTeam "Stavropol Region"]
[WhiteTeamCountry "RUS"]
[BlackTeamCountry "RUS"]

1. e4 c5 2. Nf3 d6 3. Bb5+ Bd7 4. Bxd7+ Nxd7 5. 0-0 Ngf6 6. Qe2 e6 7. b3 Be7 8. Bb2 0-0 9. c4 e5 10. Nc3 Re8 11. Ne1 Nf8 12. Nc2 Ne6 13. Ne3 Nd4 14. Qd1 g6 15. d3 Nh5 16. g3 Bf8 17. Ncd5 Bg7 18. b4 Rf8 19. bxc5 dxc5 20. Ng2 Qd7 21. Rb1 Ne6 22. f4 Nd4 23. f5 Nf6 24. Nge3 Nxd5 25. Nxd5 Nc6 26. f6 Bh6 27. Kg2 Rfd8 28. h4 b5 29. Bc1 Bf8 30. Rxb5 h5 31. Be3 Rab8 32. Qd2 Rxb5 33. cxb5 Nb4 34. Nxb4 cxb4 35. Rd1 Qxb5 36. Bh6 Kh7 37. Bxf8 Rxf8 38. Rc1 Qa6 39. Qxb4 Qxd3 40. Qxf8 Qe2+ 41. Kh3 Qg4+ 1/2-1/2

[Event "RUS-ch blitz"]
[Site "Sochi"]
[Date "2017.10.02"]
[Round "9"]
[White "Kobalia, Mihail"]
[Black "Utnasunov, Alexander"]
[Result "1/2-1/2"]
[WhiteElo "2596"]
[BlackElo "2446"]
[PlyCount "71"]
[EventDate "2017.10.02"]
[EventType "swiss (blitz)"]
[EventRounds "20"]
[EventCountry "RUS"]
[SourceTitle "EXT 2018"]
[Source "ChessBase"]
[SourceDate "2017.10.13"]
[SourceVersion "1"]
[SourceVersionDate "2017.10.13"]
[SourceQuality "1"]

1. e4 c5 2. Nf3 d6 3. Bb5+ Bd7 4. Bxd7+ Nxd7 5. 0-0 Ngf6 6. Re1 e6 7. c3 Be7 8. d4 cxd4 9. cxd4 d5 10. e5 Ne4 11. Nbd2 Nxd2 12. Bxd2 0-0 13. Re3 Nb6 14. b3 a5 15. a4 Nc8 16. Qe1 b6 17. Rc1 Qd7 18. Rec3 b5 19. Rc7 Qe8 20. Bxa5 bxa4 21. b4 a3 22. Qc3 Na7 23. Qd3 Bd8 24. R7c5 Be7 25. Rc7 Bd8 26. Rb7 Nc6 27. Qxa3 Nxa5 28. bxa5 Bxa5 29. Qd3 h6 30. h3 Rc8 31. Rxc8 Qxc8 32. Rb1 Bd8 33. g3 Be7 34. Kg2 Qc7 35. Qa6 Rb8 36. Rxb8+ 1/2-1/2

[Event "RUS-ch blitz"]
[Site "Sochi"]
[Date "2017.10.02"]
[Round "16"]
[White "Utnasunov, Alexander"]
[Black "Kezin, Roman"]
[Result "1-0"]
[WhiteElo "2446"]
[BlackElo "2455"]
[PlyCount "73"]
[EventDate "2017.10.02"]
[EventType "swiss (blitz)"]
[EventRounds "20"]
[EventCountry "RUS"]
[SourceTitle "EXT 2018"]
[Source "ChessBase"]
[SourceDate "2017.10.13"]
[SourceVersion "1"]
[SourceVersionDate "2017.10.13"]
[SourceQuality "1"]

1. d4 Nf6 2. c4 c6 3. Nc3 d5 4. Nf3 e6 5. Bg5 dxc4 6. e4 b5 7. e5 h6 8. Bh4 g5 9. exf6 gxh4 10. Ne5 Qxf6 11. g3 Nd7 12. Qe2 Bb7 13. Bg2 Nxe5 14. dxe5 Qe7 15. a4 a6 16. axb5 cxb5 17. 0-0 Bxg2 18. Kxg2 Bg7 19. Qe4 0-0 20. Nxb5 hxg3 21. hxg3 Rab8 22. Nd6 Rxb2 23. Nxc4 Rb4 24. Rxa6 Rc8 25. Rc1 Qc5 26. Ra8 Rxa8 27. Qxa8+ Bf8 28. Qe4 Bg7 29. Qa8+ Bf8 30. Qe4 Ra4 31. Rc2 Bg7 32. f4 Ra1 33. Ne3 Qa5 34. Rc8+ Bf8 35. Ng4 Qd2+ 36. Kh3 Kg7 37. Nf6 1-0

[Event "RUS-ch blitz"]
[Site "Sochi"]
[Date "2017.10.02"]
[Round "10"]
[White "Utnasunov, Alexander"]
[Black "Kobalia, Mihail"]
[Result "0-1"]
[WhiteElo "2446"]
[BlackElo "2596"]
[PlyCount "40"]
[EventDate "2017.10.02"]
[EventType "swiss (blitz)"]
[EventRounds "20"]
[EventCountry "RUS"]
[SourceTitle "EXT 2018"]
[Source "ChessBase"]
[SourceDate "2017.10.13"]
[SourceVersion "1"]
[SourceVersionDate "2017.10.13"]
[SourceQuality "1"]

1. d4 d5 2. c4 c6 3. Nc3 dxc4 4. a4 e5 5. e3 exd4 6. exd4 Be6 7. Nf3 Nf6 8. Ne5 Nbd7 9. Nxc4 Bb4 10. a5 0-0 11. a6 b5 12. Ne3 Ne4 13. Qd3 Ndf6 14. Be2 c5 15. dxc5 Qxd3 16. Bxd3 Nxc3 17. Bd2 Ncd5 18. Bxb4 Nxb4 19. Bxb5 Rab8 20. Be2 Ne4 0-1